Evaluación del comportamiento estructural de marcos planos de microconcreto de un nivel con la presencia de muros de inercia diferente

Guardado en:
书目详细资料
主要作者: Mora Rodríguez, German Gustavo
格式: 图书
出版: San José, C.R 1998
主题:
标签: 添加标签
没有标签, 成为第一个标记此记录!

MARC

LEADER 00000nam a2200000Ia 4500
003 002003
005 20221231144224.0
008 140114s1998 cr a m 000 ||s d
040 |c cru CEDI 
090 |a TFG 3827 
100 |a Mora Rodríguez, German Gustavo  |9 9051 
245 |a Evaluación del comportamiento estructural de marcos planos de microconcreto de un nivel con la presencia de muros de inercia diferente 
260 |c 1998  |a  San José, C.R 
300 |a  vii, 67 hojas : ilustraciones (algunas a color).  
500 |a  Proyecto de graduación (licenciatura en ingeniería civil)--Universidad de Costa Rica. Facultad de Ingeniería. Escuela de Ingeniería Civil 
650 |x RESISTENCIA DE MATERIALES - EXPERIMENTOS   |x MUROS   |x MARCOS ESTRUCTURALES   |x CEMENTO PORTLAND - PRUEBAS   |x ESTRUCTURAS DE ACERO  |9 9052 
942 |c TFG 
999 |c 18652  |d 18652